| 000 | 01065nam a22002537a 4500 | ||
|---|---|---|---|
| 003 | OSt | ||
| 005 | 20250612104708.0 | ||
| 008 | 210106s2005 ck a|||jr|||| 00| 0 spa d | ||
| 020 | _a9789583015465 | ||
| 040 |
_aCO-JMCR _cCO-JMCR |
||
| 041 | 0 | _aspa | |
| 082 | 0 | 4 |
_aJ-N _bPRIm _223 |
| 100 | 1 |
_aPrieto Jiménez, Iliana, _eautora _912724 |
|
| 245 | 1 | 3 |
_aLa magia del amor / _cIliana Prieto Jiménez ; ilustraciones, Mauricio Trejos |
| 260 |
_aBogotá : _bPanamericana, _c2005 |
||
| 300 |
_a179 páginas : _bilustraciones a color ; _c22 cm. |
||
| 490 | _aLiteratura juvenil | ||
| 520 | 0 | _aNadia esta a punto de cumplir quince años y todavía no se ha enamorado. Cree que el amor es algo especial y aunque se sienta diferente por que casi todas sus amigas ya tienen novio, ella sigue esperando por el muchacho que cumpla con sus sueños. | |
| 650 | 2 | 4 |
_aAbuelos _xNovela juvenil _zCuba _912725 |
| 650 | 2 | 4 |
_aNovela juvenil _zCuba _912726 |
| 650 | 2 | 4 |
_aCircos _xNovela juvenil _zCuba _912727 |
| 700 | 1 |
_aTrejos, Mauricio, _eIlustrador _912728 |
|
| 942 |
_2ddc _cBK |
||
| 999 |
_c7054 _d7054 |
||